000 00459nam a2200217Ia 4500
001 000541
003 YMCAF
005 20230512160025.0
008 100717s1971 ||||||||||||||||| ||und|d
024 _a541
035 _a526
040 _aYMCAF
_beng
_cIN-KoLT
041 _aeng
082 _aMO0-JUD
100 _aJUDGE AURTHUR W.
245 0 _aMOTOR MANUALES VOL 2 CARBURETTORS
250 _a1960
260 _c1971
300 _a496
942 _2ddc
_cBK
999 _c421
_d421